Quizzes
Events
Quiz Creation
Community
Videos
Private Events
Remove Ads
Sign In
Join for FREE
Feedback
Dark Mode
Quiz Categories
Sports
Geography
Music
Movies
Television
Just For Fun
Miscellaneous
History
Literature
Language
Science
Gaming
Entertainment
Religion
Holiday
For Kids
Quiz Lab
Recent
Popular Today
Quiz Kudos Today
Editor Picks
Curator Picks
Quizzes by...
Day
Popularity
Type
Ratings
Length
Year
Community
Subscriptions
Recent Discussions
Orange Saloon
Badges
Playlists
Quests
Create
Leaderboards
Showdown
Live 5
Trivia Bingo
Activity
Puzzle Library
Sporcle Events
Private Events
Virtual Trivia
Globe League
Become a Host
Pub Owners
SporcleCon
Opinionation
Our Games
Videos
Blog
Mobile Apps
Partnerships
Remove Ads and Go Orange
Feedback
Sports
Athletes
MLB
NBA
NHL
NFL
Soccer
Sports Teams
WWE
NCAA
Football
Premier League
Basketball
Baseball
Hockey
Golf
Tennis
Cricket
Rugby
Auto Racing
Olympics
World Cup
Sports
Athletes
MLB
NBA
NHL
NFL
Soccer
Sports Teams
WWE
NCAA
Football
Premier League
Basketball
Baseball
Hockey
Golf
Tennis
Cricket
Rugby
Auto Racing
Olympics
World Cup
Random Quiz
Search Sporcle
×
Quiz Lab
Quiz Lab
Sports
NHL
Type in answers that appear in a list
Type in answers that appear in a list
Classic
Best Score? Go Orange.
NHL Playoffs 2017 First Round Points Stats
Can you name the NHL Playoffs 2017 First Round Points?
By
cghockey10
18m
236 Questions
175 Plays
175 Plays
175 Plays
Comments
Comments
Give Quiz Kudos
Give Quiz Kudos
-
- Ratings
hide this ad
Replay
Link that replays current quiz
Next Quiz
Link to next quiz in quiz playlist
You Got
0%
They Got
Avg Score
60%
Avg Friend Score
Upgrade to see
Score Distribution
Jump to the score distribution portion of the page
Score
0/236
Timer
18:00
0
Plays Today
Hint
Answer
% Correct
Anaheim Ducks
Corey Perry
95.4%
Anaheim Ducks
Ryan Getzlaf
94.3%
Chicago Blackhawks
Patrick Kane
90.9%
Boston Bruins
Patrice Bergeron
90.3%
Chicago Blackhawks
Jonathan Toews
89.7%
Columbus Blue Jackets
William Karlsson
89.1%
Edmonton Oilers
Connor McDavid
89.1%
Ottawa Senators
Erik Karlsson
89.1%
San Jose Sharks
Melker Karlsson
89.1%
Pittsburgh Penguins
Sidney Crosby
88%
Boston Bruins
Brad Marchand
87.4%
Calgary Flames
Johnny Gaudreau
87.4%
Pittsburgh Penguins
Evgeni Malkin
87.4%
Chicago Blackhawks
Duncan Keith
86.3%
Boston Bruins
Zdeno Chara
84.6%
Calgary Flames
Sean Monahan
84.6%
Nashville Predators
P.K. Subban
84.6%
Boston Bruins
Riley Nash
84%
New York Rangers
Rick Nash
84%
Montreal Canadiens
Shea Weber
82.3%
Nashville Predators
Filip Forsberg
82.3%
Pittsburgh Penguins
Phil Kessel
82.3%
San Jose Sharks
Joe Thornton
82.3%
Anaheim Ducks
Ryan Kesler
81.7%
Boston Bruins
David Pastrnak
81.7%
Edmonton Oilers
Leon Draisaitl
81.7%
Nashville Predators
Roman Josi
81.7%
Washington Capitals
Alex Ovechkin
81.1%
Calgary Flames
Michael Stone
80.6%
Nashville Predators
Ryan Johansen
80.6%
Nashville Predators
Craig Smith
80.6%
New York Rangers
Brendan Smith
80.6%
Ottawa Senators
Mark Stone
80.6%
Ottawa Senators
Zack Smith
80.6%
Minnesota Wild
Zach Parise
80%
Minnesota Wild
Ryan Suter
80%
Minnesota Wild
Eric Staal
80%
Montreal Canadiens
Max Pacioretty
80%
San Jose Sharks
Joe Pavelski
80%
Calgary Flames
Mark Giordano
79.4%
Toronto Maple Leafs
Auston Matthews
79.4%
St. Louis Blues
Vladimir Tarasenko
79.4%
Chicago Blackhawks
Artemi Panarin
78.9%
Columbus Blue Jackets
Seth Jones
78.9%
New York Rangers
Mats Zuccarello
78.3%
Columbus Blue Jackets
Cam Atkinson
77.7%
Montreal Canadiens
Brendan Gallagher
77.7%
Ottawa Senators
Bobby Ryan
77.7%
Toronto Maple Leafs
Mitchell Marner
77.7%
Montreal Canadiens
Alexander Radulov
77.1%
San Jose Sharks
Patrick Marleau
77.1%
Washington Capitals
Nicklas Backstrom
77.1%
Anaheim Ducks
Jakob Silfverberg
76.6%
Edmonton Oilers
Milan Lucic
76.6%
Montreal Canadiens
Alex Galchenyuk
76%
New York Rangers
Ryan McDonagh
76%
San Jose Sharks
Brent Burns
76%
Washington Capitals
T.J. Oshie
76%
Nashville Predators
Viktor Arvidsson
75.4%
New York Rangers
Derek Stepan
75.4%
San Jose Sharks
Logan Couture
75.4%
Ottawa Senators
Mike Hoffman
74.9%
Toronto Maple Leafs
William Nylander
74.9%
Pittsburgh Penguins
Jake Guentzel
74.3%
Pittsburgh Penguins
Conor Sheary
74.3%
Pittsburgh Penguins
Scott Wilson
74.3%
Washington Capitals
Tom Wilson
74.3%
Anaheim Ducks
Rickard Rakell
73.7%
Nashville Predators
Ryan Ellis
73.7%
Boston Bruins
Colin Miller
73.1%
Columbus Blue Jackets
Nick Foligno
73.1%
Edmonton Oilers
Jordan Eberle
73.1%
New York Rangers
J.T. Miller
73.1%
Toronto Maple Leafs
Nazem Kadri
72.6%
Ottawa Senators
Kyle Turris
72%
St. Louis Blues
Alex Pietrangelo
72%
Nashville Predators
Mattias Ekholm
71.4%
Ottawa Senators
Derick Brassard
71.4%
San Jose Sharks
Marc-Edouard Vlasic
71.4%
Hint
Answer
% Correct
New York Rangers
Chris Kreider
70.9%
Pittsburgh Penguins
Bryan Rust
70.9%
Minnesota Wild
Mikael Granlund
70.3%
Nashville Predators
James Neal
69.7%
Boston Bruins
David Backes
69.1%
Calgary Flames
T.J. Brodie
69.1%
Calgary Flames
Dougie Hamilton
69.1%
Toronto Maple Leafs
James vanRiemsdyk
69.1%
Anaheim Ducks
Hampus Lindholm
68.6%
Columbus Blue Jackets
Brandon Saad
68.6%
Washington Capitals
John Carlson
68.6%
Toronto Maple Leafs
Morgan Rielly
68%
New York Rangers
Mika Zibanejad
67.4%
Pittsburgh Penguins
Justin Schultz
67.4%
Washington Capitals
Evgeny Kuznetsov
67.4%
Pittsburgh Penguins
Nick Bonino
66.9%
Toronto Maple Leafs
Jake Gardiner
66.9%
Minnesota Wild
Mikko Koivu
66.3%
New York Rangers
Dan Girardi
66.3%
Ottawa Senators
Dion Phaneuf
66.3%
Pittsburgh Penguins
Patric Hornqvist
66.3%
Columbus Blue Jackets
Jack Johnson
65.7%
Columbus Blue Jackets
Brandon Dubinsky
65.7%
Montreal Canadiens
Tomas Plekanec
65.7%
Montreal Canadiens
Andrei Markov
65.7%
Edmonton Oilers
Patrick Maroon
65.1%
Minnesota Wild
Charlie Coyle
65.1%
Minnesota Wild
Jason Zucker
65.1%
Washington Capitals
Kevin Shattenkirk
65.1%
St. Louis Blues
Alexander Steen
65.1%
Calgary Flames
Mikael Backlund
64.6%
Columbus Blue Jackets
Zach Werenski
64.6%
Edmonton Oilers
Adam Larsson
64.6%
San Jose Sharks
Paul Martin
64.6%
Toronto Maple Leafs
Matt Martin
64.6%
Washington Capitals
Justin Williams
64.6%
Minnesota Wild
Jared Spurgeon
63.4%
Pittsburgh Penguins
Olli Maatta
63.4%
Toronto Maple Leafs
Tyler Bozak
63.4%
Columbus Blue Jackets
Alexander Wennberg
62.9%
San Jose Sharks
Joel Ward
62.9%
San Jose Sharks
Tomas Hertl
62.9%
Ottawa Senators
Jean-Gabriel Pageau
62.3%
Edmonton Oilers
Oscar Klefbom
60.6%
Washington Capitals
Marcus Johansson
60.6%
St. Louis Blues
Jaden Schwartz
60.6%
Edmonton Oilers
Zack Kassian
58.9%
Edmonton Oilers
Andrej Sekera
58.9%
Boston Bruins
Charlie McAvoy
58.3%
Columbus Blue Jackets
Boone Jenner
58.3%
Minnesota Wild
Jonas Brodin
58.3%
Anaheim Ducks
Kevin Bieksa
57.1%
Minnesota Wild
Jason Pominville
56.6%
Nashville Predators
Kevin Fiala
56.6%
Washington Capitals
Matt Niskanen
56.6%
St. Louis Blues
Colton Parayko
56.6%
Columbus Blue Jackets
Josh Anderson
56%
New York Rangers
Brady Skjei
56%
New York Rangers
Kevin Hayes
56%
Washington Capitals
Brooks Orpik
56%
Edmonton Oilers
Mark Letestu
54.9%
Columbus Blue Jackets
David Savard
53.7%
Pittsburgh Penguins
Ian Cole
53.7%
Anaheim Ducks
Shea Theodore
53.1%
Boston Bruins
Adam McQuaid
53.1%
Edmonton Oilers
Darnell Nurse
53.1%
Montreal Canadiens
Alexei Emelin
53.1%
Washington Capitals
Dmitry Orlov
53.1%
Ottawa Senators
Clarke MacArthur
52.6%
Anaheim Ducks
Nick Ritchie
52%
Columbus Blue Jackets
Matt Calvert
51.4%
Pittsburgh Penguins
Matt Cullen
51.4%
Pittsburgh Penguins
Trevor Daley
51.4%
Toronto Maple Leafs
Kasperi Kapanen
51.4%
Toronto Maple Leafs
Connor Brown
51.4%
Washington Capitals
Lars Eller
51.4%
Toronto Maple Leafs
Zach Hyman
50.9%
Calgary Flames
Troy Brouwer
50.3%
Columbus Blue Jackets
Sam Gagner
50.3%
Hint
Answer
% Correct
Edmonton Oilers
David Desharnais
50.3%
New York Rangers
Jesper Fast
50.3%
Pittsburgh Penguins
Ron Hainsey
50.3%
Pittsburgh Penguins
Brian Dumoulin
50.3%
Anaheim Ducks
Patrick Eaves
49.7%
New York Rangers
Michael Grabner
49.7%
Ottawa Senators
Chris Wideman
49.7%
Boston Bruins
Ryan Spooner
49.1%
Minnesota Wild
Nino Niederreiter
49.1%
Montreal Canadiens
Jeff Petry
49.1%
San Jose Sharks
Joonas Donskoi
49.1%
Calgary Flames
Michael Frolik
48.6%
San Jose Sharks
Justin Braun
48.6%
St. Louis Blues
Paul Stastny
48.6%
Calgary Flames
Sam Bennett
47.4%
Washington Capitals
Andre Burakovsky
47.4%
St. Louis Blues
Patrik Berglund
47.4%
Chicago Blackhawks
Marcus Kruger
46.9%
Montreal Canadiens
Paul Byron
46.9%
Anaheim Ducks
Nate Thompson
46.3%
Boston Bruins
Drew Stafford
46.3%
Toronto Maple Leafs
Brian Boyle
46.3%
Chicago Blackhawks
Richard Panik
45.7%
St. Louis Blues
Jori Lehtera
45.7%
St. Louis Blues
Joel Edmundson
45.7%
New York Rangers
Jimmy Vesey
45.1%
Nashville Predators
Colton Sissons
44.6%
Anaheim Ducks
Antoine Vermette
44%
Minnesota Wild
Erik Haula
44%
New York Rangers
Kevin Klein
44%
Nashville Predators
Calle Jarnkrok
43.4%
San Jose Sharks
Mikkel Boedker
43.4%
Toronto Maple Leafs
Leo Komarov
43.4%
Anaheim Ducks
Brandon Montour
42.9%
Boston Bruins
Frank Vatrano
42.9%
Nashville Predators
Pekka Rinne
42.4%
Boston Bruins
Dominic Moore
42.3%
Montreal Canadiens
Philip Danault
41.7%
New York Rangers
Tanner Glass
41.1%
Nashville Predators
Austin Watson
40.6%
St. Louis Blues
David Perron
40.6%
Boston Bruins
Sean Kuraly
40%
Calgary Flames
Kris Versteeg
40%
New York Rangers
Oscar Lindberg
39.4%
Ottawa Senators
Ryan Dzingel
39.4%
Washington Capitals
Nate Schmidt
39.4%
Minnesota Wild
Martin Hanzal
38.9%
Montreal Canadiens
Torrey Mitchell
38.9%
Ottawa Senators
Alexandre Burrows
38.9%
St. Louis Blues
Vladimir Sobotka
37.7%
San Jose Sharks
Brenden Dillon
37.1%
St. Louis Blues
Magnus Paajarvi
36.6%
New York Rangers
Nick Holden
36%
Pittsburgh Penguins
Tom Kuhnhackl
36%
San Jose Sharks
Chris Tierney
36%
Edmonton Oilers
Cam Talbot
34.7%
San Jose Sharks
Jannik Hansen
34.3%
Montreal Canadiens
Nathan Beaulieu
33.7%
Ottawa Senators
Viktor Stalberg
33.7%
Chicago Blackhawks
Dennis Rasmussen
33.1%
Edmonton Oilers
Anton Slepyshev
33.1%
Minnesota Wild
Nate Prosser
33.1%
Toronto Maple Leafs
Matt Hunwick
33.1%
Montreal Canadiens
Artturi Lehkonen
32.6%
Columbus Blue Jackets
Kyle Quincey
30.9%
Boston Bruins
John-Michael Liles
30.3%
Boston Bruins
Noel Acciari
29.7%
Boston Bruins
Tim Schaller
29.1%
San Jose Sharks
Marcus Sorensen
29.1%
Columbus Blue Jackets
Oliver Bjorkstrand
28%
Edmonton Oilers
Matt Benning
28%
St. Louis Blues
Kyle Brodziak
26.9%
Nashville Predators
Pontus Aberg
26.3%
San Jose Sharks
David Schlemko
26.3%
Boston Bruins
Joe Morrow
23.4%
Nashville Predators
Harry Zolnierczyk
23.4%
Columbus Blue Jackets
Markus Nutivaara
22.9%
Boston Bruins
Tommy Cross
17.1%
Quiz Playlist
Details
Report
Send in Message
Add To Playlist
Classic:
Type in answers that appear in a list
Last Updated: Apr 26, 2017
Quiz Scoreboard
CHALLENGE
Sign Up to Join the Scoreboard
Show All
Scores
Hide
Comments
May contain spoilers
Recently Published
An Introduction to Baseball
by treessimontrees
Sports
5m
Movies - When Are They Set?
by FPL_Elf
Movies
5m
Popular People in 1961
by mucciniale
History
6m
More to Explore
Quiz From the Vault
Featured Blog Post
Where Did the Easter Bunny Come From?
hide this ad
You Might Also Like...
Tags
NHL Quiz
NHL Playoffs
Today's Top Quizzes in Sports
Browse Sports
hide this ad
Today's Top Quizzes in NHL
Browse NHL
Top Contributed Quizzes in Sports
1
Les meilleurs buteurs des matchs entre le PSG et l’OM
2
2022 World Cup Stars
3
FIFA Club World Cup Champions
4
Les entraîneurs de l'OM et du PSG au 21e siècle
5
Name the Premier League winners with different clubs
6
La finale Lions - Afrique du Sud 2021
7
Les joueurs passés par le LOSC et le RC Lens
8
Criteria MLB: Left Handed Sluggers
9
Players with Multiple 50 Home Run Seasons
10
5-to-1: UK Sports Teams
Explore More
Trending Topics
Kpop
NBA
Disney
Marvel
Anime
Crossword
Harry Potter
Soccer
Song
Pokémon
Puzzle
WWE
NFL
Country
The Office
hide this ad
More By:
cghockey10
Quiz
Plays
Rating
Category
Featured
Created
NHL 2019-2020 Highest Cap Hits Per Team
7,373
4.00
Sports
Sep 13, 2019
NHL 2019-2020 Regular Season Stat Leaders
5,003
5.00
Sports
Jun 4, 2020
NHL 2022-2023 Highest Cap Hits Per Team
4,103
4.88
Sports
Aug 5, 2022
NHL 2017-2018 Stats Leaders
3,100
5.00
Sports
Apr 12, 2018
NHL 2020-2021 Highest Cap Hits Per Team
2,568
4.43
Sports
Oct 14, 2020
Go to Creator's Profile
Score Distribution
Quiz Creator Spotlight
cghockey10
Follow
Send a Message
Quizzes Created
-
Created Quiz Play Count
-
More By This Creator
Popular Quizzes Today
1
Find the Countries of Europe - No Outlines Minefield
2
Find the US States - No Outlines Minefield
3
The Countries of the World
4
Popular People in 1961
5
US States
6
Find the US States
7
1-10 Letter E Words III
8
Risky Map Clicking: Biggest States A-Z
More Sports Quizzes
Formula 1 Dictionary - D
Quiz Lab
Trending Quizzes
Risky Map Clicking: Least Populous States A-Z
1-10 Letter F Words
1-10 Letter G Words
Not Quite an Element Typing Challenge
One Thing in Common: United Kingdom
Recently Updated
Leaping Animals
pecheneg
Reality TV Shows (A-Z)
bhenderson79
Rickey Henderson's Hall of Fame Teammates
pecheneg
Champions League XIs: Arsenal
pecheneg
Quick Pick: Celebrities in WWE's Hall of Fame
aduchscher
A-Z Keypad Blitz II
pecheneg
Multiple Oscar Actors
pecheneg
Mystery Phrase Blitz: Oscar 'Best Actors'
pecheneg
F. Scott Fitzgerald Novels
LTH
Pick 3 Villains
ddd62291
Trending Topics
Crossword
Kpop
Marvel
Anime
NBA
Harry Potter
Disney
WWE
Country
NFL
The Office
Pokémon
Song
Puzzle
Soccer
Your Account Isn't Verified!
In order to create a playlist on Sporcle, you need to verify the email address you used during registration. Go to your
Sporcle Settings
to finish the process.
Report this User
Report this user for behavior that violates our
Community Guidelines
.
Details:
Send Report
Go to the Sporcle.com Mobile Site →
Comments